000 00387nam a2200133Ia 4500
008 220217s9999||||xx |||||||||||||| ||und||
020 _a9788126523030
082 _a621.3822 PIR
100 _aPirsch, peter
_97634
245 0 _aArchitectures for digital signal processing
260 _aWiley india
_bNew Delhi
_c2012
300 _aXI, 419p.
_b659
650 _aSIGNAL PROCESSING
_9719
999 _c184836
_d184836